Teaching writing with picture books as models : (Record no. 16353)
[ view plain ]
| 000 -LEADER | |
|---|---|
| fixed length control field | 00675nam a22001937a 4500 |
| 003 - CONTROL NUMBER IDENTIFIER | |
| control field | OSt |
| 005 - DATE AND TIME OF LATEST TRANSACTION | |
| control field | 20140310182819.0 |
| 008 - FIXED-LENGTH DATA ELEMENTS--GENERAL INFORMATION | |
| fixed length control field | 130304t xxu||||| |||| 00| 0 eng d |
| 020 ## - INTERNATIONAL STANDARD BOOK NUMBER | |
| International Standard Book Number | 0439135168 |
| 050 ## - LIBRARY OF CONGRESS CALL NUMBER | |
| Classification number | LB 1141 |
| Item number | .K96 2000 |
| 100 ## - MAIN ENTRY--PERSONAL NAME | |
| Personal name | Kurstedy, Rosanne et.al. |
| 245 ## - TITLE STATEMENT | |
| Title | Teaching writing with picture books as models : |
| Remainder of title | lessons and strategies for using the power of picture books to teach the elements of great writing in the upper grades / |
| Statement of responsibility, etc | Rosanne Kurstedt and Maria Koutras |
| 260 ## - PUBLICATION, DISTRIBUTION, ETC. (IMPRINT) | |
| Place of publication, distribution, etc | New York ; |
| Name of publisher, distributor, etc | Scholastic Professional Books, |
| Date of publication, distribution, etc | 2000. |
| 300 ## - PHYSICAL DESCRIPTION | |
| Extent | 128 p. : |
| Dimensions | 28 cm. |
| Other physical details | ill. ; |
| 521 ## - TARGET AUDIENCE NOTE | |
| Target audience note | |
| 562 ## - COPY AND VERSION IDENTIFICATION NOTE | |
| Number of copies | 1 |
| 942 ## - ADDED ENTRY ELEMENTS (KOHA) | |
| Source of classification or shelving scheme | Library of Congress Classification |
| Koha item type | Books |
| Call number prefix | Foreign |
| Withdrawn status | Lost status | Source of classification or shelving scheme | Materials specified (bound volume or other part) | Damaged status | Home library | Current library | Shelving location | Date acquired | Source of acquisition | Total Checkouts | Full call number | Barcode | Date last seen | Copy number | Price effective from | Koha item type |
|---|---|---|---|---|---|---|---|---|---|---|---|---|---|---|---|---|
| Library of Congress Classification | c1176 | College Library | College Library | General Circulation Section | 11/27/2013 | LB 1141 .K96 2000 | C1176 | 05/15/2018 | 1 | 03/04/2013 | Books |